[Event "Bundesliga 2021-22"]
[Site "Berlin GER"]
[Date "2022.07.10"]
[Round "15.8"]
[Board "2"]
[White "Bogner, Sebastian"]
[Black "Khenkin, Igor"]
[Result "1/2-1/2"]
[WhiteTitle "GM"]
[BlackTitle "GM"]
[WhiteElo "2573"]
[BlackElo "2509"]
[WhiteTeam "FC Bayern Muenchen"]
[BlackTeam "SK Doppelbauer Turm Kiel"]
[WhiteFideId "4692055"]
[BlackFideId "4659600"]
[EventDate "2022.03.05"]

1. e4 c6 2. d4 d5 3. e5 c5 4. Nf3 Nc6 5. dxc5 Bg4 6. Bb5 Qa5+ 7. Nc3 e6 8. Be3
Ne7 9. a3 Nf5 10. Bf4 Bxf3 11. Qxf3 Bxc5 12. O-O Bd4 13. Bd3 Bxc3 14. bxc3 Nfe7
15. Rab1 Rb8 16. h4 Qxc3 17. h5 Qxa3 18. h6 g6 19. Bg5 Nf5 20. g4 Nfd4 1/2-1/2

[Event "Bundesliga 2021-22"]
[Site "Berlin GER"]
[Date "2022.07.10"]
[Round "15.8"]
[Board "3"]
[White "Bjerre, Jonas Buhl"]
[Black "Kurmann, Oliver"]
[Result "0-1"]
[WhiteTitle "GM"]
[BlackTitle "IM"]
[WhiteElo "2601"]
[BlackElo "2462"]
[WhiteTeam "SK Doppelbauer Turm Kiel"]
[BlackTeam "FC Bayern Muenchen"]
[WhiteFideId "1444948"]
[BlackFideId "1308173"]
[EventDate "2022.03.05"]

1. d4 Nf6 2. c4 e6 3. Nf3 d5 4. Nc3 c6 5. Qd3 dxc4 6. Qxc4 b5 7. Qd3 a6 8. a4
Bb7 9. e4 b4 10. e5 bxc3 11. exf6 cxb2 12. Bxb2 gxf6 13. Be2 a5 14. O-O Na6 15.
Nd2 Nb4 16. Qh3 Ba6 17. Bxa6 Rxa6 18. Ne4 Bg7 19. Ra3 h5 20. Rg3 Kf8 21. Rd1 Nd5
22. Ba3+ Kg8 23. Qh4 Ra8 24. Rdd3 Rh7 25. Rb3 f5 26. Ng5 f4 27. Rg4 Rb8 28. Nxh7
hxg4 29. Ng5 Nf6 30. Rxb8 Qxb8 31. h3 Qb3 32. Bc5 Qxa4 33. Kh2 Qd1 34. Be7 Qxd4
35. hxg4 a4 36. Nf3 Qxf2 37. Qxf2 Nxg4+ 38. Kg1 Nxf2 39. Kxf2 Bb2 40. Ne1 a3 41.
Kf3 a2 42. Nc2 e5 43. Ke4 Kg7 44. Kf5 a1=Q 45. Nxa1 Bxa1 46. Bd6 Kh6 47. Bxe5
Bxe5 48. Kxe5 Kg5 49. Kd6 Kg4 0-1

[Event "Bundesliga 2021-22"]
[Site "Berlin GER"]
[Date "2022.07.10"]
[Round "15.8"]
[Board "4"]
[White "Zajogin, Alexander"]
[Black "Gavrilescu, David"]
[Result "1-0"]
[BlackTitle "IM"]
[WhiteElo "2399"]
[BlackElo "2512"]
[WhiteTeam "FC Bayern Muenchen"]
[BlackTeam "SK Doppelbauer Turm Kiel"]
[WhiteFideId "13500430"]
[BlackFideId "1227190"]
[EventDate "2022.03.05"]

1. d4 d5 2. c4 e6 3. Nc3 Nf6 4. cxd5 exd5 5. Bg5 Bb4 6. e3 h6 7. Bxf6 Qxf6 8.
Qa4+ Nc6 9. Nf3 O-O 10. Rc1 Rd8 11. Bb5 Qg6 12. O-O Bg4 13. Ne1 a5 14. Nd3 Na7
15. Ne5 Qb6 16. Bd3 Be6 17. Bb1 g6 18. f4 c5 19. Qd1 cxd4 20. Na4 Qa6 21. exd4
Bd7 22. f5 Bxa4 23. Qxa4 Qb6 24. Qd1 Nb5 25. fxg6 fxg6 26. Bxg6 Rf8 27. Bf7+ Kh8
28. Ng6+ Kg7 29. Nxf8 Rxf8 30. Qg4+ Kh8 31. Bxd5 Rd8 32. Rc8 1-0

[Event "Bundesliga 2021-22"]
[Site "Berlin GER"]
[Date "2022.07.10"]
[Round "15.8"]
[Board "5"]
[White "Meshkovs, Nikita"]
[Black "Fedorovsky, Michael"]
[Result "1-0"]
[WhiteTitle "GM"]
[BlackTitle "IM"]
[WhiteElo "2561"]
[BlackElo "2397"]
[WhiteTeam "SK Doppelbauer Turm Kiel"]
[BlackTeam "FC Bayern Muenchen"]
[WhiteFideId "11602740"]
[BlackFideId "14105454"]
[EventDate "2022.03.05"]

1. d4 Nf6 2. Nf3 d5 3. c4 e6 4. g3 Be7 5. Bg2 O-O 6. O-O c6 7. Nc3 Nbd7 8. Bf4
dxc4 9. e4 Re8 10. a4 a5 11. Qe2 b6 12. Rfd1 Ba6 13. Nd2 Bf8 14. Nxc4 Nd5 15.
Bd2 e5 16. exd5 exd4 17. Qf1 dxc3 18. Bxc3 cxd5 19. Bxd5 Rc8 20. b3 Qc7 21. Qh3
Nc5 22. Qf5 Rcd8 23. Be5 Rxd5 24. Rxd5 Qc6 25. Rad1 Bb7 26. f3 Nxb3 27. Nd6 Bxd6
28. Rxd6 Qc5+ 29. Kg2 Bc6 30. Rd8 Bxa4 31. Qg4 Qxe5 32. Qxa4 Qe2+ 33. Kh3 Qe6+
34. g4 Kf8 35. Rxe8+ Qxe8 36. Qxb3 1-0

[Event "Bundesliga 2021-22"]
[Site "Berlin GER"]
[Date "2022.07.10"]
[Round "15.8"]
[Board "6"]
[White "Ribli, Zoltan"]
[Black "Teclaf, Pawel"]
[Result "1/2-1/2"]
[WhiteTitle "GM"]
[BlackTitle "IM"]
[WhiteElo "2523"]
[BlackElo "2542"]
[WhiteTeam "FC Bayern Muenchen"]
[BlackTeam "SK Doppelbauer Turm Kiel"]
[WhiteFideId "700010"]
[BlackFideId "1185934"]
[EventDate "2022.03.05"]

1. Nf3 Nf6 2. g3 b6 3. Bg2 Bb7 4. O-O g6 5. c4 c5 6. d4 cxd4 7. Qxd4 d6 8. Nc3
Nbd7 9. Rd1 Rc8 10. Be3 Bg7 11. Rac1 O-O 12. Qh4 Re8 13. b3 Qc7 14. Bh3 Qb8 15.
g4 Nf8 16. g5 N6d7 17. Bd4 Qa8 18. Bxg7 Kxg7 19. Nd4 Rc5 20. e4 Qd8 1/2-1/2

[Event "Bundesliga 2021-22"]
[Site "Berlin GER"]
[Date "2022.07.10"]
[Round "15.8"]
[Board "7"]
[White "Parvanyan, Ashot"]
[Black "Meister, Peter"]
[Result "0-1"]
[WhiteTitle "IM"]
[BlackTitle "IM"]
[WhiteElo "2462"]
[BlackElo "2346"]
[WhiteTeam "SK Doppelbauer Turm Kiel"]
[BlackTeam "FC Bayern Muenchen"]
[WhiteFideId "13307550"]
[BlackFideId "4600207"]
[EventDate "2022.03.05"]

1. Nf3 d5 2. d4 Bf5 3. c4 e6 4. Nc3 c6 5. Qb3 Qb6 6. c5 Qxb3 7. axb3 a6 8. b4
Nd7 9. b5 cxb5 10. Nxb5 Rc8 11. Nc3 Ne7 12. Nh4 Bc2 13. Kd2 Bg6 14. Nxg6 hxg6
15. e3 Nc6 16. f4 g5 17. f5 e5 18. Nxd5 exd4 19. b4 dxe3+ 20. Kc3 a5 21. Bxe3
axb4+ 22. Nxb4 Nxb4 23. Kxb4 Bxc5+ 24. Bxc5 Rh4+ 25. Ka3 Ra8+ 26. Kb2 Rxa1 27.
Kxa1 Nxc5 28. g3 Rb4 29. Bg2 Ke7 30. Rd1 b6 31. Bd5 g4 32. Ka2 Kf6 33. Ka3 Ra4+
34. Kb2 Ra7 35. Ba2 Na4+ 36. Kc2 Nc3 37. Rd6+ Ke5 38. Rxb6 Nxa2 0-1

[Event "Bundesliga 2021-22"]
[Site "Berlin GER"]
[Date "2022.07.10"]
[Round "15.8"]
[Board "8"]
[White "Rafiee, Makan"]
[Black "Barseghyan, Armen Ar."]
[Result "1/2-1/2"]
[WhiteTitle "FM"]
[BlackTitle "IM"]
[WhiteElo "2338"]
[BlackElo "2348"]
[WhiteTeam "FC Bayern Muenchen"]
[BlackTeam "SK Doppelbauer Turm Kiel"]
[WhiteFideId "24609340"]
[BlackFideId "13306707"]
[EventDate "2022.03.05"]

1. e4 c5 2. Nf3 Nc6 3. d4 cxd4 4. Nxd4 g6 5. c4 Nf6 6. Nc3 d6 7. Nc2 Bg7 8. Be2
O-O 9. Be3 Nd7 10. Qd2 Qa5 11. Bh6 Bxh6 12. Qxh6 Nc5 13. O-O-O f5 14. h4 Nxe4
15. h5 Qe5 16. hxg6 Qg7 17. gxh7+ Kh8 18. Nxe4 Qxh6+ 19. Rxh6 fxe4 20. f3 Rf7
21. Rdh1 Bf5 22. g4 exf3 23. Bxf3 Bxc2 24. Bxc6 bxc6 25. Kxc2 Rg7 26. c5 Rxg4
27. cxd6 Rg2+ 28. Kc3 exd6 29. Rxd6 Rb8 30. Rxc6 Rgxb2 31. Rc8+ Rxc8+ 32. Kxb2
Rf8 33. Kb3 Rf4 34. Rh5 Re4 35. a4 Rf4 36. a5 Rg4 37. Rh6 Rf4 38. a6 Rg4 39. Kc3
Rf4 40. Kd3 Rg4 41. Kc3 Rf4 42. Rd6 Kxh7 43. Rd7+ Kg6 44. Rxa7 Rf3+ 45. Kd4 Rf4+
46. Ke5 Rf5+ 47. Ke4 Rf6 48. Ra8 Kg7 49. Ke5 Rb6 50. Ra7+ Kg6 51. Re7 Rxa6 52.
Re6+ Rxe6+ 53. Kxe6 1/2-1/2